Movies Quiz

Random Movies or DC Comics Quiz

What Comicbook Character did I play in the Movies/TV Quiz Stats

 Plays Quiz not verified by Sporcle

Challenge
Share
Tweet
Embed
Score 0/55 Timer 05:00
0 Plays Today
% Correct
Wolverine
95%
Thor
94.4%
Nick Fury
94.4%
Antman
93.9%
Ironman
93.3%
Hulk
93.3%
Mystique
93.3%
Deadpool
93.3%
Captain America
92.7%
Black Widow
92.2%
The Joker
91.6%
Hawkeye
91.1%
Batman
91.1%
Star-Lord
91.1%
Scarlet Witch
89.4%
Loki
89.4%
Gamora
88.8%
Catwoman
88.3%
Groot
87.7%
Professor X
87.2%
Ghost Rider
87.1%
Rocket
86.6%
Magneto
85.5%
Superman
84.9%
Penguin
82.7%
Drax the Destroyer
82.1%
Bane
81%
Vision
80.4%
% Correct
Falcon
80.4%
Mr. Freeze
79.9%
The Riddler
79.3%
Spiderman
78.2%
Wonder Woman
78.2%
Black Panther
77.1%
Rogue
76%
Electro
74.3%
Hellboy
73.6%
Cyclops
72.6%
Beast
66.5%
Jean Grey
65.9%
Doctor Octopus
61.5%
General Zod
50.3%
Lizard
50.3%
Maggie Greene
48.3%
Glenn Rhee
47.8%
Rick Grimes
43.8%
The Punisher
43.8%
Negan
42.1%
Carl Grimes
39.3%
Carol Peletier
39.3%
Michonne
36.5%
The Governor
33.7%
Abraham Ford
29.2%
Hershel Greene
23%
Tyreese Williams
21.9%

You're not logged in!

Compare scores with friends on all Sporcle quizzes.
OR
Log In

You Might Also Like...

Show Comments

Extras

Top Quizzes Today


Score Distribution

Your Account Isn't Verified!

In order to create a playlist on Sporcle, you need to verify the email address you used during registration. Go to your Sporcle Settings to finish the process.

Report this User

Report this user for behavior that violates our Community Guidelines.

Details: